Top 100 Premier League Assist Providers (All-Time) Quiz Stats

 Plays Quiz not verified by Sporcle

Score 0/100 Timer 15:00
0 Plays Today
Assists Player % Correct
162Ryan Giggs
97.4%
102Frank Lampard
95.5%
92Steven Gerrard
95%
55Paul Scholes
92.1%
107Cesc Fabregas
91.9%
36Joe Cole
91.7%
73Andrew Cole
91.7%
94Dennis Bergkamp
91.4%
74Thierry Henry
90.7%
101Wayne Rooney
90%
50Dwight Yorke
89.5%
34Cristiano Ronaldo
89%
37Robbie Keane
88.3%
65David Silva
87.1%
80David Beckham
87.1%
54Didier Drogba
86.7%
64Alan Shearer
85.2%
53Robin van Persie
83.8%
41Robert Pires
81.7%
36Emmanuel Adebayor
80.2%
42Gianfranco Zola
79.8%
35Eden Hazard
76.9%
45Antonio Valencia
76.9%
76Teddy Sheringham
75.2%
42Mesut Ozil
75%
40Dimitar Berbatov
74.8%
43Nani
72.4%
38Harry Kewell
71.7%
63Gareth Barry
70.2%
36Carlos Tevez
68.8%
39Robbie Fowler
68.3%
62Nolberto Solano
66.9%
56Peter Crouch
66.7%
75James Milner
66.2%
Assists Player % Correct
37Ole Gunnar Solskjaer
65.7%
55Damien Duff
65.5%
53Emile Heskey
64.3%
40Christian Eriksen
64%
34Patrick Vieira
63.1%
44Gary Speed
62.4%
63Ashley Young
61.7%
49Les Ferdinand
60.7%
40Michael Carrick
59.8%
56Eric Cantona
59.8%
35Gary Neville
59.5%
43Theo Walcott
58.3%
43Juan Mata
58.1%
49Paolo Di Canio
57.9%
48Nicolas Anelka
57.4%
58Jimmy Floyd Hasselbaink
56.2%
35Simon Davies
52.9%
55Kevin Davies
52.9%
64Matthew Le Tissier
52.4%
33Mark Hughes
51.4%
50Leighton Baines
51%
41Chris Sutton
50.7%
68Darren Anderton
47.4%
59Steve McManaman
46.7%
42Mikel Arteta
46.4%
47Aaron Lennon
46.4%
59Stewart Downing
44.5%
38Samir Nasri
42.9%
55Danny Murphy
42.4%
42David Ginola
41.4%
37Jordan Henderson
40.2%
35Shaun Wright-Phillips
37.6%
35Santi Cazorla
37.4%
37Niall Quinn
36.9%
Assists Player % Correct
39Morten Gamst Pedersen
36.9%
47Gary McAllister
36.9%
40Dion Dublin
36.7%
38Lee Bowyer
35.5%
44Chris Brunt
34.3%
34Gabriel Agbonlahor
31.7%
39Dennis Wise
31.4%
33Peter Beardsley
30.5%
36Kevin Campbell
30.2%
43Paul Merson
29.5%
50Nick Barmby
29.3%
45Trevor Sinclair
29%
37James Beattie
28.8%
44Ruel Fox
27.4%
35Luis Boa Morte
26.9%
55Steed Malbranque
25.2%
34Joey Barton
25%
45Jason Wilcox
23.1%
44Graeme Le Saux
22.1%
41Eyal Berkovic
21.4%
36Ian Harte
20.5%
45Stuart Ripley
18.8%
35Benito Carbone
18.6%
41Brian Deane
17.4%
40Jermaine Pennant
16.4%
34Bobby Zamora
15.7%
36Matthew Etherington
15.2%
34Steve Stone
14%
36Charles N'Zogbia
11%
34Graham Stuart
8.1%
34Steve Guppy
7.6%
36Andy Hinchcliffe
5%

You're not logged in!

Compare scores with friends on all Sporcle quizzes.
OR
Log In

Sporcle TV

Today on Sporcle TV


Watch our educational content, quiz creation guides, and fun videos on Sporcle TV.

Show Comments

Extras

Top Quizzes Today


Score Distribution

Your Account Isn't Verified!

In order to create a playlist on Sporcle, you need to verify the email address you used during registration. Go to your Sporcle Settings to finish the process.

Report this User

Report this user for behavior that violates our Community Guidelines.

Details: